| 000 | 00587nam a2200169Ia 4500 | ||
|---|---|---|---|
| 008 | 090711s9999 xx 000 0 und d | ||
| 082 | _b10 | ||
| 100 | _aमाडखोलकर गजानन त्र्यं. | ||
| 245 | _aनवे संसार | ||
| 260 |
_bअक्षय प्रकाशन _c1999 |
||
| 300 | _a272 | ||
| 600 | _aमाडखोलकर गजानन त्र्यं. | ||
| 630 | _aनवे संसार | ||
| 700 | _aमाडखोलकर गजानन त्र्यं. | ||
| 730 | _aनवे संसार | ||
| 942 | _cBOOK | ||
| 999 |
_c336967 _d336967 |
||